| 000 | 00000nam##2200000za#4500 |
| 001 | 9.640161 |
| 003 | CaOODSP |
| 005 | 20210624222533 |
| 007 | cr ||||||||||| |
| 008 | 150407|2000||||xxc|||||o f|0| 0 fre|d |
| 040 | |aCaOODSP|bfre |
| 043 | |an-cn--- |
| 086 | 1 |aMR21-19/2000F-PDF |
| 110 | 1 |aCanada.|bConseil de recherches médicales du Canada. |
| 245 | 10|aHommage au Conseil de recherches médicales du Canada : |h[ressource électronique]|bun voyage dans le temps, 1960-2000 |
| 246 | 17|aHommage au Conseil de recherches médicales du Canada, 1960-2000 |
| 260 | |aOttawa - Ontario : |bConseil de recherches médicales du Canada |cc2000. |
| 300 | |a26p.|bphotographies |
| 500 | |aLe n° de catalogue (MR21-19/2000) et l'ISBN (0-662-64885-4) de l'édition imprimée bilingue ont été incorrectement copiés dans l'édition électronique. |
| 590 | |a12-15-Supp|b2012-04-13 |
| 775 | 08|tCelebrating the Medical Research Council of Canada : |w(CaOODSP)9.696044 |
| 776 | 0#|tCelebrating the Medical Research Council of Canada : |w(CaOODSP)9.662185 |
| 776 | 0#|tHommage au Conseil de recherches médicales du Canada : |w(CaOODSP)9.662186 |
| 856 | 40|ahttp://publications.gc.ca|qPDF|s763 Ko|uhttps://publications.gc.ca/collections/Collection/MR21-19-2000F.pdf |